000 00596nam a2200217Ia 4500
003 OSt
005 20230619100253.0
008 210423s1961 xx 000 0 und d
040 _cAL
041 _aeng
082 _a361.3
_223
_bDADS
100 _aDADLANI (G G)
_9101977
245 _aServey of social work education in India
260 _aBaroda
_bFaculty Of Social Work
_c1961
300 _axii,64
_bPB
365 _b10
_cINR
650 _aSocial Problems & Services
_9101978
650 _aSocial Work
_9101979
906 _aeducation ; India ; Servey ; social ; work
942 _2ddc
_cBK
999 _c171838
_d171838